Corporate links and foreign direct investment in Asia and the Pacific / (Record no. 96046)

MARC details
000 -LEADER
fixed length control field 01420nam a2200301 a 4500
008 - FIXED-LENGTH DATA ELEMENTS--GENERAL INFORMATION
fixed length control field
020 ## - INTERNATIONAL STANDARD BOOK NUMBER
International Standard Book Number 0063121786 (pbk)
049 ## - LOCAL HOLDINGS (OCLC)
Holding library MAIN
090 ## - LOCALLY ASSIGNED LC-TYPE CALL NUMBER (OCLC); LOCAL CALL NUMBER (RLIN)
Classification number (OCLC) (R) ; Classification number, CALL (RLIN) (NR) HG5770.5
003 - CONTROL NUMBER IDENTIFIER
control field
005 - DATE AND TIME OF LATEST TRANSACTION
control field 20230120133823.0
040 ## - CATALOGING SOURCE
Transcribing agency NUST
245 00 - TITLE STATEMENT
Title Corporate links and foreign direct investment in Asia and the Pacific /
Statement of responsibility, etc. edited by Edward K.Y. Chen and Peter Drysdale.
260 ## - PUBLICATION, DISTRIBUTION, ETC.
Place of publication, distribution, etc. Pymble, NSW :
Name of publisher, distributor, etc. HarperEducational, in association with the Pacific Trade & Development Conference Secretariat, the Australian National University, [and] Centre of Asian Studies, University of Hong Kong,
Date of publication, distribution, etc. 1995.
300 ## - PHYSICAL DESCRIPTION
Extent xviii, 300 p. :
Other physical details ill. ;
Dimensions 24 cm.
500 ## - GENERAL NOTE
General note "Collection of edited papers presented at the Twenty-First Pacific Trade and Development (PAFTAD) Conference held in Hong Kong in June 1994"--P. xvii.
504 ## - BIBLIOGRAPHY, ETC. NOTE
Bibliography, etc. note Includes bibliographical references.
500 ## - GENERAL NOTE
General note Includes index.
650 #0 - SUBJECT ADDED ENTRY--TOPICAL TERM
Topical term or geographic name entry element Investments, Foreign
Geographic subdivision Asia
Form subdivision Congresses.
650 #0 - SUBJECT ADDED ENTRY--TOPICAL TERM
Topical term or geographic name entry element Investments, Foreign
Geographic subdivision Pacific Area
Form subdivision Congresses.
650 #0 - SUBJECT ADDED ENTRY--TOPICAL TERM
Topical term or geographic name entry element International business enterprises
Geographic subdivision Asia
Form subdivision Congresses.
650 #0 - SUBJECT ADDED ENTRY--TOPICAL TERM
Topical term or geographic name entry element International business enterprises
Geographic subdivision Pacific Area
Form subdivision Congresses.
700 1# - ADDED ENTRY--PERSONAL NAME
Personal name Chen, Edward K. Y.
700 1# - ADDED ENTRY--PERSONAL NAME
Personal name Drysdale, Peter.
711 2# - ADDED ENTRY--MEETING NAME
Meeting name or jurisdiction name as entry element Pacific Trade and Development Conference
Number of part/section/meeting (21st :
Date of meeting or treaty signing 1994 :
Location of meeting Hong Kong)
907 ## - LOCAL DATA ELEMENT G, LDG (RLIN)
a .b10060510
b 19-06-03
c 17-04-03
942 ## - ADDED ENTRY ELEMENTS (KOHA)
Koha item type Ordinary Loan Books
Call number prefix HG5770.5
Holdings
Date last seen Total Checkouts Full call number Barcode Cost, replacement price Price effective from Koha item type Lost status Source of classification or shelving scheme Damaged status Not for loan Collection Withdrawn status Home library Current library Shelving location Date acquired Cost, normal purchase price
01/20/2023   HG5770.5 COR 92003000162 80.00 01/20/2023 BOOKS   lcc     NFIC   GSB GSB GEN 01/20/2023 80.00